000 00438nam a2200169Ia 4500
008 231217s9999 xx 000 0 und d
041 _aEnglish
082 _a332.6453 HUL;1 R
100 _aHull, John C
245 0 _aFundamentals of futures and options markets
250 _a4th ed.
260 _c2002
_bPearson Education (Singapore)
_aDelhi
300 _axix+491
300 _cFP399
650 _afutures,markets
942 _cAA
999 _c173949
_d173949